FINANCIAL MANAGEMENT (Record no. 11593)

MARC details
000 -LEADER
fixed length control field 00332nam a22001577a 4500
003 - CONTROL NUMBER IDENTIFIER
control field SGT
020 ## - INTERNATIONAL STANDARD BOOK NUMBER
International Standard Book Number 9789339213053
082 ## - DEWEY DECIMAL CLASSIFICATION NUMBER
Classification number 658.15,KHA
100 ## - MAIN ENTRY--PERSONAL NAME
Personal name KHAN,M.Y.
245 ## - TITLE STATEMENT
Title FINANCIAL MANAGEMENT
250 ## - EDITION STATEMENT
Edition statement 7TH
260 ## - PUBLICATION, DISTRIBUTION, ETC. (IMPRINT)
Place of publication, distribution, etc NEW DELHI
Name of publisher, distributor, etc TMH
Year of Publication 2015
300 ## - PAGE DESCRIPTION
No. of Pages V.P.
650 ## - SUBJECT ADDED ENTRY--TOPICAL TERM
Topical term or geographic name as entry element FINANCIAL MANAGEMENT
942 ## - ADDED ENTRY ELEMENTS (KOHA)
Source of classification or shelving scheme Dewey Decimal Classification
Koha item type Books
Holdings
Withdrawn status Lost status Source of classification or shelving scheme Damaged status Not for loan Collection code Home library Current library Shelving location Date acquired Vendor Name Cost, normal purchase price SGTU Bill Number Full call number Accession No. (Barcode) Date last seen Bill Date Koha item type Total Checkouts Total Renewals Date last borrowed
    Dewey Decimal Classification   Not For Loan LAW SGT Science & Social Sciences Library SGT Science & Social Sciences Library Reference Book 24/05/2017 COMMERCIAL BOOK HOUSE 725.00 SGTU IN388 658.15,KHA FL1937 24/05/2017 08/05/2017 Books      
    Dewey Decimal Classification     LAW SGT Science & Social Sciences Library SGT Science & Social Sciences Library Text Book 24/05/2017 COMMERCIAL BOOK HOUSE 725.00 SGTU IN388 658.15,KHA FL1938 28/01/2021 08/05/2017 Books 3 3 20/02/2020
    Dewey Decimal Classification     LAW SGT Science & Social Sciences Library SGT Science & Social Sciences Library Text Book 24/05/2017 COMMERCIAL BOOK HOUSE 725.00 SGTU IN388 658.15,KHA FL1939 10/02/2020 08/05/2017 Books 4 1 10/01/2020